| 000 | 01093ngm a22003490a 4500 | ||
|---|---|---|---|
| 001 | PT14001 | ||
| 003 | AR-LpoUNG | ||
| 005 | 20210202000534.0 | ||
| 007 | vd cvaizq | ||
| 008 | 191001s1998||||ag |||||||||||||||||spa d | ||
| 037 | _c$33.33 | ||
| 040 |
_aAR-LpoUNG _bspa _cAR-LpoUNG _eaacr |
||
| 041 | _aspa | ||
| 044 | _aag | ||
| 082 | 0 | _a909.8 591v8 | |
| 245 | 1 | 0 |
_a1957-1964 Cierren la muralla : _bde Frondizi a la Guerra fría |
| 260 |
_aBuenos Aires : _bArte Gráfico Editorial Argentino, _cc1998. |
||
| 300 | _aVHS (35 min.) : son., col. | ||
| 520 | _aSumario: El contraalmirante Rojas; Murió Giocometti; EL sudamericano de futbol; El imbatible Fangio; el ciclomotor; el escarabajo; El fondo monetario; Mafalda; La crisis de los misiles | ||
| 650 | 4 | _aALEMANIA | |
| 650 | 4 | _aARGENTINA | |
| 650 | 4 | _aDERECHOS CIVILES | |
| 650 | 4 | _aENERGIA | |
| 650 | 4 | _aESTADOS UNIDOS | |
| 650 | 4 | _aMEDIOS DE COMUNICACION DE MASA | |
| 650 | 4 | _aPROBLEMAS SOCIALES | |
| 650 | 4 | _aVIOLENCIA | |
| 653 | _aVIDEOS | ||
| 710 | 2 | _aClarín (Buenos Aires) | |
| 905 | _a14001 | ||
| 942 | _cVIDEO | ||
| 999 |
_c55109 _d55109 |
||